| 000 | 01934nam a22002417a 4500 | ||
|---|---|---|---|
| 003 | DO-SdBJH | ||
| 005 | 20250129175120.0 | ||
| 008 | 250129b |||||||| |||| 00| 0 spa d | ||
| 040 |
_aDO-SdBJH _bspa _cDO-SdBJH |
||
| 090 |
_aTG EGEMERD _b02240 2023 |
||
| 100 | 1 |
_aEstévez Ramírez, Eliazar Arismendys _esustentante |
|
| 245 | 1 | 0 |
_aPropuesta de la creación de un centro de mando, control y comunicación y computadoras (C4) para la integración de las operaciones del Ejército de República Dominicana, en el período 2023 / _c Eliazar Arismendys Estévez Ramírez, Neliz Yoseabel Ruiz González, asesores Marcos Mateo Capellán, Ysaías Acevedo Villa |
| 260 |
_aSanto Domingo Este : _bINSUDE, _c2023 |
||
| 300 | _axi, 72 páginas | ||
| 502 | _aTrabajo de grado (Especialidad en Comando y Estado Mayor para Fuerzas Terrestre) -- Instituto Superior para la Defensa (INSUDE). – Escuela de Graduados de Estudios Militares del Ejército de República Dominicana “Mayor General Ramiro Matos González” 2023 | ||
| 504 | _a Incluye referencias bibliográficas e índices | ||
| 505 | _aResponsabilidades y funciones del Ejercito de Republica Dominicana, así como los antecedentes, base legal y doctrina de un C4. -- Componentes que conforman un centro de mando, control, comunicación y computadoras (C4), para la integración de las operaciones del Ejército de la República Dominicana. -- Propuesta para la creación de centro de mando, control, comunicación y computadoras (C4), para la integración de las operaciones del Ejército de la República Dominicana. | ||
| 700 | 1 |
_aRuiz González, Neliz Yoseabel _esustentante |
|
| 700 | 1 |
_aMateo Capellán, Marcos _easesor |
|
| 700 | 1 |
_aAcevedo Villa, Ysaías _easesor |
|
| 830 | _aINSUDE. Escuela de Graduados de Estudios Militares del Ejército de República Dominicana “Mayor General Ramiro Matos González”. Tesis y disertaciones académicas | ||
| 942 |
_2CL _cT |
||
| 999 |
_c8040 _d8040 |
||